[Event "IECC CL5-2013.08 email"]
[Site "IECC email"]
[Date "2013.10.10"]
[Round "?"]
[White "Filgueira, Horacio"]
[Black "Mariani, Danilo"]
[Result "0-1"]
[WhiteElo "1394"]
[BlackElo "1492"]
[PlyCount "64"]
[EventDate "2013.??.??"]
[EventType "tourn (corr)"]
[EventRounds "4"]
[SourceTitle "Telechess CBM 165"]
[Source "ChessBase"]
[SourceDate "2015.03.11"]
[SourceVersion "1"]
[SourceVersionDate "2015.03.11"]
[SourceQuality "1"]
[WhiteTeam "Argentina"]
[BlackTeam "Italy"]
[WhiteTeamCountry "ARG"]
[BlackTeamCountry "ITA"]

1. d4 e6 2. e4 d5 3. Nc3 Nf6 4. e5 Nfd7 5. Nce2 c5 6. c3 Nc6 7. f4 Qb6 8. Nf3 f6 9. g3 cxd4 10. cxd4 fxe5 11. fxe5 Bb4+ 12. Nc3 0-0 13. Bf4 Be7 14. Bd3 Qxb2 15. Nb5 Bb4+ 16. Kf1 a6 17. Rb1 Qxa2 18. Ng5 h6 19. Qh5 Ndxe5 20. Bh7+ Kh8 21. h4 Nc4 22. Kg1 e5 23. Rh2 Qa5 24. g4 Bxg4 25. Qxg4 Rxf4 26. Qe6 Raf8 27. Bd3 Ne7 28. Kh1 axb5 29. Rg1 Qc7 30. Qh3 e4 31. Ne6 Qc8 32. Qg2 R4f7 0-1

[Event "IECC CL5-2013.06 email"]
[Site "IECC email"]
[Date "2013.08.20"]
[Round "?"]
[White "Filgueira, Horacio"]
[Black "Paluch, Andrzej"]
[Result "0-1"]
[WhiteElo "1408"]
[BlackElo "1553"]
[PlyCount "48"]
[EventDate "2013.??.??"]
[EventType "tourn (corr)"]
[EventRounds "4"]
[SourceTitle "Telechess CBM 165"]
[Source "ChessBase"]
[SourceDate "2015.03.11"]
[SourceVersion "1"]
[SourceVersionDate "2015.03.11"]
[SourceQuality "1"]
[WhiteTeam "Argentina"]
[BlackTeam "Poland"]
[WhiteTeamCountry "ARG"]
[BlackTeamCountry "POL"]

1. d4 d5 2. c4 c6 3. Nf3 Nf6 4. Nc3 e6 5. e3 Nbd7 6. Bd3 dxc4 7. Bxc4 b5 8. Bd3 a6 9. 0-0 Bb7 10. a3 c5 11. dxc5 Bxc5 12. b4 Be7 13. Bb2 0-0 14. e4 Rc8 15. Rc1 Nb6 16. Ne5 Bd6 17. Ng4 Nxg4 18. Qxg4 Be5 19. Qe2 Nc4 20. Bxc4 Rxc4 21. f3 Qc7 22. Na2 Bxh2+ 23. Kf2 Qg3+ 24. Ke3 Qf4+ 0-1

[Event "IECC CL5-2013.06 email"]
[Site "IECC email"]
[Date "2013.08.20"]
[Round "?"]
[White "Lagarejos, Jose Manuel"]
[Black "Filgueira, Horacio"]
[Result "0-1"]
[WhiteElo "1439"]
[BlackElo "1390"]
[PlyCount "96"]
[EventDate "2013.??.??"]
[EventType "tourn (corr)"]
[EventRounds "4"]
[SourceTitle "Corr 2020"]
[Source "ChessBase"]
[SourceDate "2019.09.30"]
[SourceVersion "1"]
[SourceVersionDate "2019.09.30"]
[SourceQuality "1"]
[WhiteTeam "Spain"]
[BlackTeam "Argentina"]
[WhiteTeamCountry "ESP"]
[BlackTeamCountry "ARG"]

1. e4 e5 2. Nf3 Nc6 3. g3 d6 4. Bg2 f5 5. Nc3 Nf6 6. d3 fxe4 7. dxe4 Bg4 8. 0-0 Qd7 9. Be3 0-0-0 10. a3 Kb8 11. Re1 h6 12. Nd5 Ne7 13. Nc3 g5 14. a4 Bh5 15. b4 Bg7 16. a5 Qc6 17. Qd3 Bf7 18. b5 Qc4 19. Qxc4 Bxc4 20. b6 cxb6 21. axb6 a6 22. h3 Rc8 23. Red1 Ne8 24. Na4 d5 25. Bc5 Ng6 26. exd5 Bb5 27. Nc3 Rxc5 28. Ne4 Rc8 29. Ra2 Rd8 30. Ne1 Nd6 31. Nc5 Nc4 32. Ne6 Rd7 33. Nd3 Bf8 34. Nec5 Bxc5 35. Nxc5 Nxb6 36. Nxd7+ Nxd7 37. Rd2 Rc8 38. Be4 Ngf8 39. Bf5 Rc3 40. Kg2 Kc7 41. d6+ Kb6 42. Ra1 Kc5 43. Be4 Bc6 44. Re1 Ne6 45. Kh2 Bxe4 46. Rxe4 Nd4 47. Kg2 a5 48. h4 a4 0-1

[Event "IECC CL4-2012.09 email"]
[Site "IECC email"]
[Date "2012.11.25"]
[Round "?"]
[White "Filgueira, Horacio"]
[Black "Martin, Dennis"]
[Result "0-1"]
[WhiteElo "1393"]
[BlackElo "1668"]
[PlyCount "65"]
[EventDate "2012.??.??"]
[EventType "tourn (corr)"]
[EventRounds "4"]
[SourceTitle "Telechess CBM 165"]
[Source "ChessBase"]
[SourceDate "2015.03.11"]
[SourceVersion "1"]
[SourceVersionDate "2015.03.11"]
[SourceQuality "1"]
[WhiteTeam "Argentina"]
[BlackTeam "US of America"]
[WhiteTeamCountry "ARG"]
[BlackTeamCountry "USA"]

1. c4 g6 2. d4 e6 3. e4 Bg7 4. Nf3 Ne7 5. Nc3 d6 6. Be3 0-0 7. Qd2 Nbc6 8. 0-0-0 e5 9. d5 Nd4 10. Nxd4 exd4 11. Bxd4 Bxd4 12. Qxd4 f6 13. Be2 a5 14. h4 a4 15. g4 Bd7 16. Qe3 Qe8 17. g5 Qf7 18. f4 fxg5 19. f5 gxf5 20. hxg5 f4 21. Qf3 Ng6 22. Qh5 Ne5 23. g6 Nxg6 24. Rdg1 Qg7 25. Bg4 Bxg4 26. Qxg4 a3 27. Rh3 axb2+ 28. Kxb2 Rf7 29. Kb3 Qf6 30. Qf3 c6 31. Rh5 Qd4 32. Ne2 Qb6+ 33. Kc3 0-1

[Event "P-4759"]
[Site "IECC email"]
[Date "2012.05.21"]
[Round "?"]
[White "Filgueira, Horacio"]
[Black "Wincinson, Ginger Alice"]
[Result "1-0"]
[WhiteElo "1351"]
[BlackElo "1366"]
[PlyCount "37"]
[EventDate "2012.??.??"]
[EventType "tourn (corr)"]
[SourceTitle "Corr 2020"]
[Source "ChessBase"]
[SourceDate "2019.09.30"]
[SourceVersion "1"]
[SourceVersionDate "2019.09.30"]
[SourceQuality "1"]
[WhiteTeam "Argentina"]
[BlackTeam "England"]
[WhiteTeamCountry "ARG"]
[BlackTeamCountry "ENG"]

1. e4 c5 2. Nc3 Nc6 3. g3 d6 4. Bg2 g6 5. f4 Bg7 6. Nge2 Nd4 7. h3 Qa5 8. 0-0 Rb8 9. d3 b5 10. Kh2 h5 11. Nd5 e6 12. Ne3 Ne7 13. c3 Nxe2 14. Qxe2 Qd8 15. f5 Be5 16. Nc2 h4 17. Bf4 hxg3+ 18. Bxg3 Bxg3+ 19. Kxg3 1-0

[Event "IECC CL5-2011.14 email"]
[Site "IECC email"]
[Date "2011.09.25"]
[Round "?"]
[White "Hargreaves, John Richard"]
[Black "Filgueira, Horacio"]
[Result "1-0"]
[WhiteElo "1559"]
[BlackElo "1394"]
[PlyCount "53"]
[EventDate "2011.??.??"]
[EventType "tourn (corr)"]
[EventRounds "4"]
[SourceTitle "Telechess CBM 149"]
[Source "ChessBase"]
[SourceDate "2012.07.17"]
[SourceVersion "1"]
[SourceVersionDate "2012.07.17"]
[SourceQuality "1"]
[WhiteTeam "England"]
[BlackTeam "Argentina"]
[WhiteTeamCountry "ENG"]
[BlackTeamCountry "ARG"]

1. c4 Nf6 2. Nc3 d6 3. d4 g6 4. e4 Bg7 5. Be2 0-0 6. Nf3 c5 7. d5 Na6 8. 0-0 Nc7 9. h3 e6 10. dxe6 Nxe6 11. Be3 Qe7 12. Re1 a6 13. Qd2 Re8 14. Rad1 Rd8 15. Bh6 Qf8 16. Bxg7 Kxg7 17. Qe3 Re8 18. Qd2 Nc7 19. Bf1 Be6 20. Qxd6 Qxd6 21. Rxd6 Rad8 22. e5 Nd7 23. Red1 Re7 24. R6d2 Rde8 25. Nd5 Nxd5 26. cxd5 Bf5 27. d6 1-0

[Event "IECC CL6-2011.09 email"]
[Site "IECC email"]
[Date "2011.07.13"]
[Round "?"]
[White "D'Aragona, Vittoria"]
[Black "Filgueira, Horacio"]
[Result "1-0"]
[WhiteElo "1452"]
[BlackElo "1384"]
[PlyCount "65"]
[EventDate "2011.??.??"]
[EventType "tourn (corr)"]
[EventRounds "4"]
[SourceTitle "Telechess CBM 145"]
[Source "Chessbase"]
[SourceDate "2011.11.11"]
[SourceVersion "1"]
[SourceVersionDate "2011.11.11"]
[SourceQuality "1"]
[WhiteTeam "Italy"]
[BlackTeam "Argentina"]
[WhiteTeamCountry "ITA"]
[BlackTeamCountry "ARG"]

1. e4 c5 2. c3 d5 3. exd5 Nf6 4. Nf3 Nxd5 5. d4 e6 6. Bb5+ Bd7 7. Bxd7+ Qxd7 8. 0-0 Nc6 9. dxc5 Bxc5 10. Nbd2 Bb6 11. Ne4 0-0-0 12. Bg5 f6 13. c4 Qe7 14. cxd5 exd5 15. Nxf6 gxf6 16. Bh4 Rhg8 17. Rc1 Kb8 18. Re1 Qg7 19. Bg3+ Ka8 20. Re2 f5 21. Qf1 Nd4 22. Nxd4 Qxd4 23. Be5 Qh4 24. Rc3 Qh5 25. Rec2 Qf7 26. Bc7 Bd4 27. Rd3 Rde8 28. Rxd4 Qg7 29. Rd1 d4 30. f3 Re6 31. Ba5 Qe5 32. Qc4 Qe3+ 33. Kf1 1-0

[Event "IECC CL5-2011.06 email"]
[Site "IECC email"]
[Date "2011.03.30"]
[Round "?"]
[White "Filgueira, Horacio"]
[Black "Jewell, Barry"]
[Result "0-1"]
[WhiteElo "1432"]
[BlackElo "1482"]
[PlyCount "58"]
[EventDate "2011.??.??"]
[EventType "tourn (corr)"]
[EventRounds "4"]
[SourceTitle "Telechess CBM 145"]
[Source "Chessbase"]
[SourceDate "2011.11.11"]
[SourceVersion "1"]
[SourceVersionDate "2011.11.11"]
[SourceQuality "1"]
[WhiteTeam "Argentina"]
[BlackTeam "Canada"]
[WhiteTeamCountry "ARG"]
[BlackTeamCountry "CAN"]

1. e4 c5 2. Nf3 d6 3. Nc3 Nf6 4. Bc4 e6 5. d4 cxd4 6. Nxd4 Nc6 7. Bb5 Bd7 8. Nxc6 Bxc6 9. Qe2 Qc7 10. 0-0 Be7 11. Bf4 e5 12. Bg3 0-0 13. f3 Nh5 14. f4 Nxg3 15. hxg3 a6 16. Bc4 b5 17. Bb3 Rac8 18. Rad1 Qb6+ 19. Kh2 exf4 20. Rxf4 Rc7 21. Qh5 d5 22. Nxd5 Bxd5 23. exd5 Bd6 24. Rh4 h6 25. Qg4 f5 26. Qg6 Rf6 27. Qe8+ Kh7 28. c3 Qf2 29. Rd3 Re7 0-1

[Event "IECC CL5-2011.06 email"]
[Site "IECC email"]
[Date "2011.03.30"]
[Round "?"]
[White "Filgueira, Horacio"]
[Black "Kovacs, Mihaly"]
[Result "1-0"]
[WhiteElo "1374"]
[BlackElo "1475"]
[PlyCount "49"]
[EventDate "2011.??.??"]
[EventType "tourn (corr)"]
[EventRounds "4"]
[SourceTitle "Telechess CBM 145"]
[Source "Chessbase"]
[SourceDate "2011.11.11"]
[SourceVersion "1"]
[SourceVersionDate "2011.11.11"]
[SourceQuality "1"]
[WhiteTeam "Argentina"]
[BlackTeam "Hungary"]
[WhiteTeamCountry "ARG"]
[BlackTeamCountry "HUN"]

1. d4 Nf6 2. c4 e6 3. Nc3 Bb4 4. Nf3 b6 5. Bg5 h6 6. Bh4 c5 7. e3 0-0 8. Bd3 Bb7 9. 0-0 Bxc3 10. bxc3 d6 11. e4 Nbd7 12. Bg3 e5 13. dxe5 dxe5 14. Nxe5 Nxe5 15. Bxe5 Nxe4 16. Qf3 f5 17. Bxe4 Bxe4 18. Qg3 Rf7 19. Rad1 Rd7 20. Rd6 Qc7 21. Rxh6 Qb7 22. f3 Bd3 23. Re1 Bxc4 24. Qg6 Rad8 25. Qh7+ 1-0

[Event "IECC CL5-2009.26 email"]
[Site "IECC email"]
[Date "2010.02.09"]
[Round "?"]
[White "Filgueira, Horacio"]
[Black "D'Aragona, Vittoria"]
[Result "0-1"]
[WhiteElo "1409"]
[BlackElo "1356"]
[PlyCount "40"]
[EventDate "2009.??.??"]
[EventType "tourn (corr)"]
[EventRounds "4"]
[SourceTitle "Telechess CBM 149"]
[Source "ChessBase"]
[SourceDate "2012.07.17"]
[SourceVersion "1"]
[SourceVersionDate "2012.07.17"]
[SourceQuality "1"]
[WhiteTeam "Argentina"]
[BlackTeam "Italy"]
[WhiteTeamCountry "ARG"]
[BlackTeamCountry "ITA"]

1. e4 e6 2. d4 d5 3. e5 c5 4. c3 Nc6 5. Bb5 Bd7 6. Bxc6 Bxc6 7. f4 cxd4 8. cxd4 Nh6 9. Nf3 Be7 10. Nc3 Bh4+ 11. g3 Be7 12. Be3 Nf5 13. Bf2 0-0 14. h4 Bb4 15. g4 Ne7 16. Ng5 h6 17. Nh3 Rc8 18. a3 Bxc3+ 19. bxc3 Qa5 20. Qd2 Bb5 0-1

[Event "IECC CL5-2009.26 email"]
[Site "IECC email"]
[Date "2010.02.09"]
[Round "?"]
[White "Filgueira, Horacio"]
[Black "Perry, Matthew Richard"]
[Result "0-1"]
[WhiteElo "1436"]
[BlackElo "1420"]
[PlyCount "42"]
[EventDate "2009.??.??"]
[EventType "tourn (corr)"]
[EventRounds "4"]
[SourceTitle "Telechess CBM 149"]
[Source "ChessBase"]
[SourceDate "2012.07.17"]
[SourceVersion "1"]
[SourceVersionDate "2012.07.17"]
[SourceQuality "1"]
[WhiteTeam "Argentina"]
[BlackTeam "England"]
[WhiteTeamCountry "ARG"]
[BlackTeamCountry "ENG"]

1. e4 d5 2. exd5 Qxd5 3. Nc3 Qd6 4. Bc4 Nf6 5. d4 c6 6. Nge2 e5 7. 0-0 Nbd7 8. Qd3 Be7 9. Bb3 0-0 10. Re1 b5 11. Ne4 Nxe4 12. Qxe4 Bb7 13. dxe5 Qxe5 14. Qxe5 Nxe5 15. Nd4 Bf6 16. Nf5 Rad8 17. Be3 a5 18. a4 Nc4 19. Bxc4 bxc4 20. c3 Rd5 21. g4 Bc8 0-1

[Event "IECC CL5-2009.22 email"]
[Site "IECC email"]
[Date "2009.10.19"]
[Round "?"]
[White "Filgueira, Horacio"]
[Black "Perry, Matthew Richard"]
[Result "0-1"]
[WhiteElo "1466"]
[BlackElo "1449"]
[PlyCount "84"]
[EventDate "2009.??.??"]
[EventType "tourn (corr)"]
[EventRounds "4"]
[SourceTitle "Telechess CBM 137"]
[Source "ChessBase"]
[SourceDate "2010.07.15"]
[SourceVersion "1"]
[SourceVersionDate "2010.07.15"]
[SourceQuality "1"]
[WhiteTeam "Argentina"]
[BlackTeam "England"]
[WhiteTeamCountry "ARG"]
[BlackTeamCountry "ENG"]

1. e4 d6 2. d4 Nf6 3. f3 e5 4. Bg5 Be7 5. Be3 0-0 6. d5 c6 7. c4 Nbd7 8. Ne2 cxd5 9. cxd5 b5 10. Ng3 Nc5 11. b4 Na6 12. a3 Nc7 13. Qc1 Bd7 14. Qb2 Nfe8 15. Bd3 Bh4 16. Ke2 a6 17. Nf1 f5 18. g3 fxe4 19. Bxe4 Be7 20. Nbd2 Nf6 21. Qb3 Be8 22. Rc1 Qb8 23. Nb1 Bf7 24. g4 Kh8 25. Nc3 Qb7 26. Rd1 Nxe4 27. fxe4 Ne8 28. Ng3 Qd7 29. Nf5 Nf6 30. h3 Rac8 31. Ng3 Nxg4 32. hxg4 Qxg4+ 33. Kd3 Qxg3 34. Rdg1 Qf3 35. Rf1 Qg4 36. Rfg1 Qd7 37. Qb2 Qc7 38. Rxh7+ Kxh7 39. Bc5 dxc5 40. Qh2+ Kg8 41. Qh6 Bg6 42. Qxg6 Bf6 0-1